Obálka Náhled e-knihy:
PDF Epub
Pro půjčování e-knih musíte být přihlášeni.
Jak si půjčit online?

Panoptikum sexuálních vražd. 3., Monstru podoben /

Případy sexuálně motivovaných vražd, které se odehrály v České republice v období let 1993-1999.

Uloženo v:
Série:Panoptikum sexuálních vražd, část 3
Hlavní autor: Šulc, Viktorín, 1951-2025 (Autor)
Médium: E-kniha
Jazyk:Czech
Vydáno: Praha : Epocha, 2025
Vydání:Druhé vydání
Edice:Victima
Témata:
Příbuzné jednotky:Z cyklu:: Panoptikum sexuálních vražd
Tagy:
Žádné tagy
LEADER 02740nam a2200577 i 4500
001 312775
003 CZ PrSKC
005 20260601215728.0
007 ta
008 250529s2025 xr acf e 000 0dcze
015 |a cnb003687329 
020 |a 9788027802357  |q (vázáno) 
035 |a (OCoLC)1527578444 
040 |a BOA001  |b cze  |e rda 
043 |a e-xr--- 
045 |a x9x9 
072 7 |a 343.9  |x Kriminalistika  |2 Konspekt 
080 |a 343.611:343.54  |2 MRF 
080 |a 343.3/.7  |2 MRF 
080 |a 343.132:351.74  |2 MRF 
080 |a (437.3)  |2 MRF 
080 |a (0:82-96)  |2 MRF 
100 1 |a Šulc, Viktorín,  |d 1951-2025  |7 xx0001074  |4 aut 
245 1 0 |a Panoptikum sexuálních vražd.  |n 3.,  |p Monstru podoben /  |c Viktorín Šulc 
246 3 0 |a Monstru podoben 
250 |a Druhé vydání 
264 1 |a Praha :  |b Epocha,  |c 2025 
300 |a 581 stran, 24 nečíslovaných stran obrazových příloh :  |b ilustrace (převážně barevné), portréty ;  |c 22 cm 
336 |a text  |b txt  |2 rdacontent 
337 |a bez média  |b n  |2 rdamedia 
338 |a svazek  |b nc  |2 rdacarrier 
490 1 |a Victima ;  |v svazek 9 
504 |a Obsahuje bibliografické odkazy 
520 2 |a Případy sexuálně motivovaných vražd, které se odehrály v České republice v období let 1993-1999.  |b Práce zevrubně popisuje provedení jednotlivých trestných činů a rovněž průběh jejich vyšetřování. Zároveň se můžene blíže seznámit s psychologickými profily pachatelů. Nechybějí zde ani stručné kriminalistické komentáře a fotografie. 
648 7 |a 20. století  |7 ch460558  |2 czenas 
648 4 |a 1993-1999 
650 0 7 |a sexuální vraždy  |7 ph125514  |z Česko  |y 20. století  |2 czenas 
650 0 7 |a kriminální případy  |7 ph121958  |z Česko  |y 20. století  |2 czenas 
650 0 7 |a policejní vyšetřování  |7 ph158343  |z Česko  |y 20. století  |2 czenas 
650 0 9 |a sexual murders  |z Czechia  |y 20th century  |2 eczenas 
650 0 9 |a criminal cases  |z Czechia  |y 20th century  |2 eczenas 
650 0 9 |a police enquiry  |z Czechia  |y 20th century  |2 eczenas 
655 7 |a literatura faktu  |7 fd132773  |2 czenas 
655 9 |a non-fiction  |2 eczenas 
787 0 8 |i Z cyklu:  |t Panoptikum sexuálních vražd  |g 3 
830 0 |a Victima 
900 |a ABA001  |b 21 
044 |a xr 
910 |a RBIT002 
998 |d 421662  |a https://core.palmknihy.cz/api/books/421662/cover?t0gvvz  |b https://core.palmknihy.cz/api/books/421662/cover/400?t0gvvz  |c https://core.palmknihy.cz/api/books/421662/cover/50?t0gvvz  |e 2030-04-11  |g 608  |i 9788027802357  |j https://core.palmknihy.cz/api/books/421662/preview.epub  |k https://core.palmknihy.cz/api/books/421662/preview.pdf  |l   |q 49  |r 1  |s https://www.palmknihy.cz/kniha/421662  |t ebook  |y 2025  |z 0  |v Panoptikum sexuálních vražd  |w 3 
999 |d 312773